Nahrávanie rôznych scén a animácií postáv vo VR

Gespeichert in:
Bibliographische Detailangaben
1. Verfasser: Richterová, Simona (Verfasst von)
Weitere Verfasser: Antal, Eugen (Betreuung Doktorarbeit)
Format: Manuskript Buch
Sprache:Slowakisch
Veröffentlicht: Bratislava : STU v Bratislave FEI, 2021
Schlagworte:
Online-Zugang:https://opac.crzp.sk/?fn=detailBiblioForm&sid=38F43C5054BC4F7F2BB9C7F31F28&seo=CRZP-detail-kniha
Tags: Tag hinzufügen
Keine Tags, Fügen Sie das erste Tag hinzu!

MARC

LEADER 00000ntm a22000003a 4500
001 stuzp81108
003 SK-STU
005 20220218094624.1
007 ta
008 150427s2015----xo-----f-mn---000-0-slo-d
040 |a STU  |b slo 
041 0 |a slo 
044 |a xo 
100 1 |a Richterová, Simona  |u 035000  |4 aut  |U FEI Fakulta elektrotechniky a informatiky  |T FEI Ústav informatiky a matematiky  |X 97919  |U E050  |Y 816  |7 97919 
242 0 1 |a Recording various scenes and character animations in VR  |y eng 
245 1 0 |a Nahrávanie rôznych scén a animácií postáv vo VR 
260 |a Bratislava :  |b STU v Bratislave FEI,  |c 2021 
300 |a 68 s., príl. 
650 4 |a Psychológia  |2 slo 
650 4 |a Animácie  |2 slo 
650 4 |a Virtuálna Realita  |2 slo 
650 4 |a Unity 3D  |2 slo 
650 4 |a Oculus  |2 slo 
650 4 |a Virtual Reality  |2 eng 
650 4 |a Psychology  |2 eng 
650 4 |a Animations  |2 eng 
650 4 |a Unity 3D  |2 eng 
650 4 |a Oculus  |2 eng 
700 1 |a Antal, Eugen  |u 035000  |k Z1  |4 ths  |U FEI Fakulta elektrotechniky a informatiky  |T FEI Ústav informatiky a matematiky  |X 36087  |U E050  |Y 816  |7 A000036087 
856 4 |u https://opac.crzp.sk/?fn=detailBiblioForm&sid=38F43C5054BC4F7F2BB9C7F31F28&seo=CRZP-detail-kniha